| 000 | 00886cam a2200277 a 4500 | ||
|---|---|---|---|
| 999 |
_c21807 _d21807 |
||
| 001 | 3075001 | ||
| 003 | BDDh-ASL | ||
| 005 | 20231015030039.0 | ||
| 008 | 970113s1963 cau b 001 0 eng | ||
| 010 | _a 97103567 | ||
| 040 |
_aDLC _cDLC _dDLC _dBDDh-ASL |
||
| 043 | _aa-pk--- | ||
| 050 | 0 | 0 |
_aBP63.P2 _bB5 1963 |
| 082 |
_a954.9297 _bBIR |
||
| 100 | 1 | _aBinder, Leonard. | |
| 245 | 1 | 0 |
_aReligion and politics in Pakistan / _cby Leonard Binder. |
| 260 |
_aBerkeley : _bUniversity of California, _c1963. |
||
| 300 |
_axviii, 440 p. : _c23 cm. |
||
| 504 | _aIncludes bibliographical references and index. | ||
| 650 | 0 |
_aIslam and politics _zPakistan. |
|
| 650 | 0 |
_aIslam and state _zPakistan. |
|
| 651 | 0 |
_aPakistan _xPolitics and government. |
|
| 906 |
_a7 _bcbc _corignew _d2 _encip _f19 _gy-gencatlg |
||
| 942 |
_2ddc _cBK |
||